States that beat Kentucky - Statistics

General Stats
  • This quiz has been taken 25 times
  • The average score is 10 of 15
Answer Stats
Rank Hint Answer % Correct
7 Least educated West Virginia | Mississippi | Louisiana | Arkansas | Alabama | Oklahoma
100%
8 Most auto manufacturing Michigan | Ohio | Indiana | Texas | Illinois | Tennessee | Missouri
96%
3 Most states bordered Missouri | Tennessee
96%
5 Most coal production Wyoming | West Virginia | Pennsylvania | Illinois
96%
6 Most number of horses Texas | California | Florida | Ohio | Oklahoma
78%
9 Most Dollar General locations Texas | Georgia | North Carolina | Florida | Ohio | Tennessee | Pennsylvania | Alabama
78%
7 Most Republican Wyoming | West Virginia | North Dakota | Oklahoma | Idaho | Arkansas
78%
10 Most obese West Virginia | Louisiana | Oklahoma | Mississippi | Tennessee | Alabama | Ohio | Delaware | Indiana
74%
2 Most NCAA D-I basketball championships California
70%
3 Most counties Texas | Georgia
70%
7 Lowest violent crime rates Maine | New Hampshire | Connecticut | Rhode Island | Wyoming | New Jersey
57%
4 Most diverse fish population Alabama | Tennessee | Georgia
35%
4 Most caves Tennessee | Alabama | Missouri
35%
4 Most popular governor (2023) Vermont | Wyoming | New Hampshire
22%
2 Most speakers of the US House of Represenatives Massachusetts
17%
No matching quizzes found
Score Distribution
Percent of People with Each Score
Percentile by Number Answered
Your Score History
You have not taken this quiz